<?xml version="1.0" encoding="UTF-8"?>
<collection xmlns="http://www.loc.gov/MARC21/slim">
 <record>
  <leader>     na                 </leader>
  <controlfield tag="001">INLIS000000000003579</controlfield>
  <controlfield tag="005">20241015023750</controlfield>
  <datafield tag="035" ind1=" " ind2=" ">
   <subfield code="a">0010-0520003579</subfield>
  </datafield>
  <controlfield tag="008">241015                |          0 eng  </controlfield>
  <datafield tag="020" ind1=" " ind2=" ">
   <subfield code="a">9780072978605</subfield>
  </datafield>
  <datafield tag="041" ind1=" " ind2=" ">
   <subfield code="a">eng</subfield>
  </datafield>
  <datafield tag="082" ind1=" " ind2=" ">
   <subfield code="a">331</subfield>
  </datafield>
  <datafield tag="084" ind1=" " ind2=" ">
   <subfield code="a">331 MCC c</subfield>
  </datafield>
  <datafield tag="100" ind1="0" ind2=" ">
   <subfield code="a">McConnell, Campbell R.</subfield>
  </datafield>
  <datafield tag="245" ind1="1" ind2=" ">
   <subfield code="a">Contemporary Labor Economics /</subfield>
   <subfield code="c">Campbell R. McConnell et.al</subfield>
  </datafield>
  <datafield tag="250" ind1=" " ind2=" ">
   <subfield code="a">Ed.7</subfield>
  </datafield>
  <datafield tag="260" ind1=" " ind2=" ">
   <subfield code="a">New York :</subfield>
   <subfield code="b">Lynne Rienner Publishers,</subfield>
   <subfield code="c">2006</subfield>
  </datafield>
  <datafield tag="300" ind1=" " ind2=" ">
   <subfield code="a">xv, 561 p.;23cm ;</subfield>
   <subfield code="c">23cm</subfield>
  </datafield>
  <datafield tag="500" ind1=" " ind2=" ">
   <subfield code="a">Indeks : p.596-624</subfield>
  </datafield>
  <datafield tag="520" ind1=" " ind2=" ">
   <subfield code="a">What's new in the Seventh Edition? - PUBLIC POLICY ISSUES: This edition includes a number of new discussions of public policy issues including immigration, outsourcing, living wages, earnings mobility, downsizing, and the earned income tax credit, overtime pay rules, and company stock in pension plans. This makes the text more relevant for student. - NEW WORLD OF WORK SECTIONS: Sixteen of the World of Work boxes are new to this edition. These boxes cover summaries of current research or a synopsis of an article on labor economics. This boxed material is of great interest and relevance to the students because it relates the theory to real world data and events. - CONTINUING AND EXPANDED EMPHASIS ON GLOBAL ASPECTS OF U.S. LABOR MARKETS: The text's integrated focus on global aspects of u.s. labor markets has continued and been expanded with this edition. For example, this edition includes new World of Work boxes on outsorcing (Chapter 5), immigration policy (Chapter 9), and cross-country difference in intergeneration earnings mobility (Chapter 16). - USE OF COLOR IN GRAPHS: To make the graphs easier to understand, this edition usses color in its graphs. - SHORTENED DISCUSSION: The discussion have been shortened, without the loss of important content, in several chapters. For example, we have trimmed the Chapter 14 discussion of &quot;Cause and Effect: Non-Discriminatory Factors&quot; and &quot;Antidiscrimination Policies and Issues.&quot; In addition, many footnote lists have been condensed. - INTERNET LINKS: Each chapter now has one or more end-of-chapter Internet links.These links enable students to increase their understanding of the material as well as obtain the most current data available.</subfield>
  </datafield>
  <datafield tag="700" ind1="0" ind2=" ">
   <subfield code="a">Stanley L. Brue</subfield>
  </datafield>
  <datafield tag="700" ind1="0" ind2=" ">
   <subfield code="a">David A. Macpherson</subfield>
  </datafield>
  <datafield tag="990" ind1=" " ind2=" ">
   <subfield code="a">12672/MKRI-P/V-2009</subfield>
  </datafield>
  <datafield tag="990" ind1=" " ind2=" ">
   <subfield code="a">12487/MKRI-P/IV-2009</subfield>
  </datafield>
  <datafield tag="990" ind1=" " ind2=" ">
   <subfield code="a">12671/MKRI-P/V-2009</subfield>
  </datafield>
  <datafield tag="990" ind1=" " ind2=" ">
   <subfield code="a">12669/MKRI-P/V-2009</subfield>
  </datafield>
  <datafield tag="990" ind1=" " ind2=" ">
   <subfield code="a">12667/MKRI-P/V-2009</subfield>
  </datafield>
  <datafield tag="990" ind1=" " ind2=" ">
   <subfield code="a">12673/MKRI-P/V-2009</subfield>
  </datafield>
  <datafield tag="990" ind1=" " ind2=" ">
   <subfield code="a">12670/MKRI-P/V-2009</subfield>
  </datafield>
  <datafield tag="990" ind1=" " ind2=" ">
   <subfield code="a">12675/MKRI-P/V-2009</subfield>
  </datafield>
  <datafield tag="990" ind1=" " ind2=" ">
   <subfield code="a">12668/MKRI-P/V-2009</subfield>
  </datafield>
  <datafield tag="990" ind1=" " ind2=" ">
   <subfield code="a">12674/MKRI-P/V-2009</subfield>
  </datafield>
 </record>
</collection>
